000 00702nam a22002057a 4500
005 20180425101632.0
010 _aENG-122799
020 _a9789386250957
_c1395.00
035 _aEN-106331
037 _bDBAD/PUB
082 _a343.54055
100 _aGarg, Rakesh
245 _aHandbook of GST in India :
_cby Rakesh Garg [and] Sandeep Garg
_bconcepts and procedures /
250 _a2nd edn.
260 _aNew Delhi
_bBloomsbury Publishing India Pvt. Ltd.,
_c2017
270 _aDDA Complex, LSC Building No. 4, Second Floor, Pocket C-6 & 7, Vasant Kunj,
_bNew Delhi
_e110070
300 v _axxix,812p.
_c22cm(pbk)
700 _aGarg, Sandeep
942 _2ddc
_cEN
_mGAR
_h343.54055
999 _c151737
_d151737